|
|
|
|
| LEADER |
00000nam0a2200000 4500 |
| 001 |
212090 |
| 005 |
20231031192812.0 |
| 035 |
|
|
|a (RuTPU)RU\TPU\book\231717
|
| 090 |
|
|
|a 212090
|
| 100 |
|
|
|a 20120322d1976 k y0rusy50 ca
|
| 101 |
0 |
|
|a rus
|
| 102 |
|
|
|a RU
|
| 105 |
|
|
|a y z 001zy
|
| 200 |
1 |
|
|a Пространства аффинной связности
|f А. П. Норден
|
| 205 |
|
|
|a 2-е изд., испр.
|
| 210 |
|
|
|a Москва
|c Наука
|d 1976
|
| 215 |
|
|
|a 432 с.
|c ил.
|
| 320 |
|
|
|a Библиогр.: с. 424.
|
| 320 |
|
|
|a Предметный указатель: с. 425-432.
|
| 610 |
1 |
|
|a геометрия
|
| 610 |
1 |
|
|a векторные пространства
|
| 610 |
1 |
|
|a аффинные пространства
|
| 610 |
1 |
|
|a проективныее пространства
|
| 610 |
1 |
|
|a специальные связности
|
| 610 |
1 |
|
|a преобразования
|
| 610 |
1 |
|
|a полярная нормализация
|
| 610 |
1 |
|
|a сопряжения
|
| 610 |
1 |
|
|a сети
|
| 610 |
1 |
|
|a трехмерные пространства
|
| 675 |
|
|
|a 514.7
|v 3
|
| 700 |
|
1 |
|a Норден
|b А. П.
|g Александр Петрович
|
| 801 |
|
1 |
|a RU
|b 63413507
|c 20120322
|
| 801 |
|
2 |
|a RU
|b 63413507
|c 20161017
|g RCR
|
| 942 |
|
|
|c BK
|